[Event "Guayaquil zt 2.3.5 (Women)"]
[Site "Guayaquil"]
[Date "2012.03.05"]
[Round "1"]
[White "Bohorquez Canizares, Maria Isabel"]
[Black "Richards, Deborah"]
[Result "0-1"]
[WhiteElo "1713"]
[BlackElo "1989"]
[PlyCount "44"]
[EventDate "2012.03.05"]
[EventType "swiss"]
[EventRounds "9"]
[EventCountry "ECU"]
[SourceTitle "EXT 2013"]
[Source "ChessBase"]
[SourceDate "2012.11.22"]
[SourceVersion "1"]
[SourceVersionDate "2012.11.22"]
[SourceQuality "1"]

1. e4 c5 2. Nf3 e6 3. d4 cxd4 4. Nxd4 Nc6 5. Be3 Nf6 6. f3 d5 7. exd5 Nxd5 8. Nxc6 bxc6 9. Bf2 Rb8 10. Qd4 Be7 11. Bc4 0-0 12. c3 Rxb2 13. Qxa7 Nxc3 14. 0-0 Rb7 15. Qe3 Nd5 16. Bxd5 cxd5 17. Nd2 Bf6 18. Rab1 Qa5 19. a3 d4 20. Qd3 Rxb1 21. Rxb1 Ba6 22. Qe4 Qxd2 0-1

[Event "JAM-ch (Women)"]
[Site "Kingston"]
[Date "2011.07.30"]
[Round "9"]
[White "Richards, Deborah"]
[Black "Barrett, Ariel"]
[Result "1-0"]
[WhiteElo "1998"]
[BlackElo "1870"]
[PlyCount "113"]
[EventDate "2011.07.15"]
[EventType "tourn"]
[EventRounds "10"]
[EventCountry "JAM"]
[SourceTitle "EXT 2013"]
[Source "ChessBase"]
[SourceDate "2012.11.22"]
[SourceVersion "1"]
[SourceVersionDate "2012.11.22"]
[SourceQuality "1"]

1. d4 d5 2. c4 c6 3. Nc3 Nf6 4. Nf3 e6 5. cxd5 exd5 6. Qc2 Be7 7. Bg5 Nbd7 8. e3 0-0 9. Bd3 Re8 10. 0-0 Nf8 11. Rab1 Ng6 12. b4 Qc7 13. Bxf6 Bxf6 14. Nxd5 Qd6 15. Nxf6+ Qxf6 16. b5 cxb5 17. Rxb5 Bg4 18. Nd2 b6 19. Rbb1 Rec8 20. Qb2 Bf5 21. Bxf5 Qxf5 22. Rbc1 h6 23. Rxc8+ Rxc8 24. Rc1 Re8 25. Rc7 Qa5 26. Qc2 a6 27. h3 Nh4 28. Qc4 Rf8 29. Nb3 Qxa2 30. Qc2 Qxc2 31. Rxc2 Rb8 32. d5 Nf5 33. g4 Nd6 34. Nd4 Kf8 35. Rc6 Ke7 36. Rc7+ Kf6 37. f3 a5 38. e4 g5 39. e5+ Kxe5 40. Nc6+ Kxd5 41. Nxb8 a4 42. Nd7 b5 43. Nb6+ Ke6 44. Nxa4 bxa4 45. Ra7 f6 46. Rxa4 Kf7 47. Kf2 Kg6 48. Ke3 Nf7 49. Ke4 Ne5 50. Rd4 Kg7 51. Kf5 Kf7 52. Rd6 Nxf3 53. Rxf6+ Kg7 54. Rd6 Nh4+ 55. Ke6 Ng2 56. Ra6 Nf4+ 57. Kf5 1-0